Komise pro nesmrtelnost : věda a pošetilé pokusy, jak ošálit smrt /
Uložené v:
| Hlavný autor: | |
|---|---|
| Médium: | Kniha |
| Jazyk: | Czech English |
| Vydané: |
Praha :
Dokořán : Argo,
2013.
|
| Vydanie: | 1. vyd. v čes. jazyce |
| Edícia: | Aliter (Argo : Dokořán)
sv. 52 |
| Témy: | |
| ISBN: |
9788073635305 (Dokořán : viaz.) 9788025708781 (Argo : viaz.) |
| Fyzický popis: |
230 s. : il., portréty ; 21 cm. |
| Tagy: |
Pridať tag
Žiadne tagy, Buďte prvý kto otaguje tento záznam!
|
Titul je dostupný aj v ... 

MARC
| LEADER | 00000nam a2200000 a 4500 | ||
|---|---|---|---|
| 001 | 000525976 | ||
| 005 | 20170227091647.0 | ||
| 008 | 130621s2013 xr co e 000 0 cze d | ||
| 020 | |a 9788073635305 (Dokořán : viaz.) | ||
| 020 | |a 9788025708781 (Argo : viaz.) | ||
| 040 | |a SVKKK |b slo |c SVKKK |e AACR2 | ||
| 041 | 1 | |a cze |h eng | |
| 044 | |a xr |c CZ | ||
| 072 | 7 | |a 00 |x Veda. Všeobecnosti. Základy vedy a kultúry. Vedecká práca |2 konspekt | |
| 080 | |a 612.013 |2 2011 | ||
| 080 | |a 2-187.3 |2 2011 | ||
| 080 | |a 128/129 |2 2011 | ||
| 080 | |a 2-187 |2 2011 | ||
| 080 | |a 001.83 |2 2011 | ||
| 080 | |a 001:2-1 |2 2011 | ||
| 080 | |a (0:82-4) |2 2011 | ||
| 100 | 1 | |a Gray, John, |d 1948- | |
| 240 | 1 | 4 | |a The immortalization commission. |l Česky |
| 245 | 1 | 0 | |a Komise pro nesmrtelnost : |b věda a pošetilé pokusy, jak ošálit smrt / |c John Gray ; přeložila Petra Pachlová. |
| 250 | |a 1. vyd. v čes. jazyce | ||
| 260 | |a Praha : |b Dokořán : |b Argo, |c 2013. | ||
| 300 | |a 230 s. : |b il., portréty ; |c 21 cm. | ||
| 490 | 1 | |a Aliter |v sv. 52 | |
| 500 | |a Preklad z angl. orig. | ||
| 500 | |a Poznámky | ||
| 650 | 0 | 7 | |a smrť |x interdisciplinárne aspekty |2 SVKKKPH |
| 650 | 0 | 7 | |a nesmrteľnosť |2 SVKKKPH |
| 650 | 0 | 7 | |a posmrtný život |2 SVKKKPH |
| 650 | 0 | 7 | |a veda a viera |2 SVKKKPH |
| 655 | 7 | |a eseje |2 SVKKKPH | |
| 830 | 0 | |a Aliter (Argo : Dokořán) |v sv. 52 | |
| 910 | |a svkkk | ||
| 919 | |a 978-80-7363-530-5 | ||
| 919 | |a 978-80-257-0878-1 | ||
| 998 | |a BK | ||
| 090 | |g SCKHL |k Sklad Hlavná 10 prízemie |a III.238053 |j 1076572 |i 2720380511 |s Absenčne | ||